| 000 | 00713nam a2200253 a 4500 | ||
|---|---|---|---|
| 001 | nice12345678 | ||
| 003 | IN_TiNIC | ||
| 005 | 20260116013103.0 | ||
| 008 | 050524s1988 cama grp 000 0 eng | ||
| 020 |
_a0521038 _c2345 |
||
| 082 | 0 | 0 |
_a291.22 _bCAM |
| 100 | _aCamporesi, Piero | ||
| 245 |
_aIncorruptible Flesh _b Bodily Mutation and Mortification in Religion & Folklo |
||
| 260 |
_aCambridge _bCambridge University Press _c1988 |
||
| 300 | _a286p | ||
| 500 | _aincludes index and biblioraphy | ||
| 505 | 2 | _aIndex | |
| 650 | _aComparative Religion-Human Body | ||
| 650 | _aBody-Human-Religious Aspects | ||
| 700 | 1 | _aCamporesi, Piero | |
| 902 | _bSRS | ||
| 942 | _cBK | ||
| 999 |
_c9604 _d9604 |
||